[Event "BLR-ch U18"]
[Site "Minsk"]
[Date "2020.02.10"]
[Round "4"]
[White "Melnikau, Aliaksei"]
[Black "Spizharny, Mikhail"]
[Result "0-1"]
[WhiteElo "1533"]
[BlackElo "2074"]
[PlyCount "56"]
[EventDate "2020.02.07"]
[EventType "swiss"]
[EventRounds "9"]
[EventCountry "BLR"]
[SourceTitle "CBM 195 Extra"]
[Source "ChessBase"]
[SourceDate "2020.05.31"]
[SourceVersion "1"]
[SourceVersionDate "2020.05.31"]
[SourceQuality "1"]

1. e4 c5 2. Nf3 e6 3. d4 cxd4 4. Nxd4 a6 5. Be2 Nf6 6. Nc3 Qc7 7. 0-0 Be7 8. Be3 0-0 9. Qd2 d6 10. Rac1 b5 11. f3 Bb7 12. a4 b4 13. Na2 d5 14. e5 Nfd7 15. f4 Nc5 16. Nxb4 Nxa4 17. Nd3 Nd7 18. f5 Nxe5 19. Nxe5 Qxe5 20. b3 Nc5 21. Bf4 Qf6 22. fxe6 Nxe6 23. Be3 Qe5 24. Nxe6 fxe6 25. Bd4 Qg5 26. Be3 Bc5 27. Bxc5 Rxf1+ 28. Rxf1 Qxd2 0-1

[Event "Vilnius Zavanelli Memorial op-B"]
[Site "Vilnius"]
[Date "2018.10.26"]
[Round "2"]
[White "Melnikau, Aliaksei"]
[Black "Salna, Aleksandras"]
[Result "0-1"]
[WhiteElo "1714"]
[BlackElo "1934"]
[PlyCount "34"]
[EventDate "2018.10.25"]
[EventType "swiss"]
[EventRounds "7"]
[EventCountry "LTU"]
[SourceTitle "CBM 187 Extra"]
[Source "ChessBase"]
[SourceDate "2018.11.04"]
[SourceVersion "1"]
[SourceVersionDate "2018.11.04"]
[SourceQuality "1"]

1. e4 e6 2. d4 d5 3. exd5 exd5 4. Bf4 Nf6 5. Nc3 c6 6. Qd2 Bb4 7. 0-0-0 0-0 8. f3 Be6 9. g4 c5 10. dxc5 Nc6 11. a3 Bxc5 12. g5 Nh5 13. Bg3 a6 14. Nxd5 Bxd5 15. Qxd5 Qb6 16. Ne2 Rad8 17. Qb3 Be3+ 0-1